[Event "Wch Blitz (Women)"]
[Site "New York"]
[Date "2024.12.30"]
[Round "2"]
[White "Huang, Qian"]
[Black "Peycheva, Gergana"]
[Result "1-0"]
[WhiteElo "2370"]
[BlackElo "2212"]
[PlyCount "129"]
[EventDate "2024.12.30"]
[EventType "swiss (blitz)"]
[EventRounds "11"]
[EventCountry "USA"]
[SourceTitle "CB01_2025"]
[SourceDate "2025.01.01"]
[SourceVersion "1"]
[SourceVersionDate "2025.01.01"]
[SourceQuality "1"]

1. Nf3 d5 2. g3 Nf6 3. Bg2 e6 4. c4 Be7 5. 0-0 0-0 6. b3 b6 7. cxd5 exd5 8. d4 Nbd7 9. Bb2 Bb7 10. Nc3 Re8 11. Rc1 a6 12. e3 Bd6 13. Nd2 Bf8 14. Qc2 Rc8 15. Rfe1 c5 16. dxc5 bxc5 17. Ne2 Qb6 18. Nf4 Ne5 19. Nf3 Nxf3+ 20. Bxf3 d4 21. Bxb7 Qxb7 22. exd4 Rxe1+ 23. Rxe1 cxd4 24. Qd3 Bb4 25. Rd1 Bc3 26. Bxc3 dxc3 27. Rc1 Qc7 28. Ne2 c2 29. Nd4 Qd7 30. Rxc2 Rd8 31. Rd2 h6 32. Qe2 Qc7 33. Nf3 Qc1+ 34. Kg2 Rxd2 35. Qxd2 Qc6 36. Qd8+ Kh7 37. Qd3+ g6 38. h3 Ne4 39. h4 h5 40. Qe3 Kg8 41. Qd3 Kh7 42. Qc4 Qb7 43. Qd3 Kg8 44. Qd8+ Kh7 45. Qd4 Kg8 46. Qe3 Nf6 47. Kg1 Ng4 48. Qd3 Qe7 49. Qd2 Qc5 50. Ng5 Qf5 51. b4 Qf6 52. Kg2 Qc6+ 53. Kg1 Qf6 54. Ne4 Qc6 55. Ng5 Qf6 56. Qc2 Qe7 57. a3 Qe1+ 58. Kg2 Qe7 59. Qc6 Qa7 60. Qf3 Qe7 61. a4 Qa7 62. b5 axb5 63. axb5 Kg7 64. b6 Qxb6 65. Qxf7+ 1-0

[Event "Wch Blitz (Women)"]
[Site "New York"]
[Date "2024.12.30"]
[Round "10"]
[White "Huang, Qian"]
[Black "Sliwicka, Alicja"]
[Result "1-0"]
[WhiteElo "2370"]
[BlackElo "2346"]
[PlyCount "89"]
[EventDate "2024.12.30"]
[EventType "swiss (blitz)"]
[EventRounds "11"]
[EventCountry "USA"]
[SourceTitle "CB01_2025"]
[SourceDate "2025.01.01"]
[SourceVersion "1"]
[SourceVersionDate "2025.01.01"]
[SourceQuality "1"]

1. Nf3 d5 2. g3 Nf6 3. Bg2 e6 4. 0-0 Bd6 5. c4 0-0 6. b3 b6 7. cxd5 exd5 8. Bb2 Bb7 9. Nc3 a6 10. d3 Nc6 11. Rc1 Ne7 12. Re1 c5 13. e4 d4 14. Nb1 Bc7 15. b4 Nd7 16. Nbd2 Kh8 17. bxc5 bxc5 18. Nc4 Ng6 19. Ba3 f5 20. e5 Qe7 21. e6 Nf6 22. Nfe5 Bxg2 23. Kxg2 f4 24. Nxg6+ hxg6 25. Ne5 Bxe5 26. Rxe5 fxg3 27. hxg3 Qb7+ 28. Kg1 Nh5 29. Bxc5 Rf3 30. e7 Re8 31. Qa4 Qa8 32. Rg5 Rxd3 33. Qd7 Rc3 34. Rxc3 dxc3 35. Rxg6 c2 36. Be3 Nf6 37. Qe6 Qc8 38. Rxf6 c1Q+ 39. Bxc1 Qxc1+ 40. Kh2 gxf6 41. Qxf6+ Kh7 42. Qf7+ Kh6 43. Qxe8 Qb2 44. Qf8+ Kh7 45. e8Q 1-0

[Event "Wch Blitz (Women)"]
[Site "New York"]
[Date "2024.12.30"]
[Round "11"]
[White "Kulon, Klaudia"]
[Black "Huang, Qian"]
[Result "1-0"]
[WhiteElo "2391"]
[BlackElo "2370"]
[PlyCount "87"]
[EventDate "2024.12.30"]
[EventType "swiss (blitz)"]
[EventRounds "11"]
[EventCountry "USA"]
[SourceTitle "CB01_2025"]
[SourceDate "2025.01.01"]
[SourceVersion "1"]
[SourceVersionDate "2025.01.01"]
[SourceQuality "1"]

1. c4 c5 2. g3 g6 3. Bg2 Bg7 4. Nc3 Nc6 5. a3 d6 6. e3 Bf5 7. d3 Qd7 8. h3 e5 9. Nge2 Nge7 10. Nd5 0-0 11. Rb1 Rab8 12. b4 cxb4 13. axb4 b5 14. e4 Be6 15. cxb5 Rxb5 16. Nec3 Rbb8 17. Qa4 Qb7 18. 0-0 Bxd5 19. exd5 Nd4 20. Be3 Nef5 21. Ne4 Qb6 22. Bg5 f6 23. Bd2 Rfc8 24. Kh2 Ne7 25. Be3 Rd8 26. Nd2 Qb5 27. Qxb5 Nxb5 28. Nc4 Nc3 29. Ra1 Ncxd5 30. Rxa7 Rxb4 31. Bd2 Rb3 32. Ba5 Rf8 33. Rd1 Kh8 34. Nxd6 f5 35. h4 h6 36. Re1 Bf6 37. Nf7+ Rxf7 38. Bxd5 Nxd5 39. Rxf7 Ra3 40. Bb4 Rb3 41. Bd6 Kg8 42. Ra7 Rb2 43. Kg2 Rb3 44. Bxe5 1-0

[Event "Wch Blitz (Women)"]
[Site "New York"]
[Date "2024.12.30"]
[Round "5"]
[White "Mkrtchyan, Mariam"]
[Black "Huang, Qian"]
[Result "0-1"]
[WhiteElo "2325"]
[BlackElo "2370"]
[PlyCount "92"]
[EventDate "2024.12.30"]
[EventType "swiss (blitz)"]
[EventRounds "11"]
[EventCountry "USA"]
[SourceTitle "CB01_2025"]
[SourceDate "2025.01.01"]
[SourceVersion "1"]
[SourceVersionDate "2025.01.01"]
[SourceQuality "1"]

1. d4 d6 2. Nf3 Bg4 3. c4 c6 4. Nc3 Nf6 5. e4 e5 6. Be2 Nbd7 7. 0-0 Be7 8. Be3 0-0 9. Re1 Re8 10. Qc2 Bf8 11. Rad1 Qc7 12. a3 exd4 13. Nxd4 Bxe2 14. Rxe2 Ng4 15. Bf4 Nge5 16. b3 a5 17. h3 Nc5 18. f3 g6 19. Kh1 Bg7 20. Red2 h6 21. b4 axb4 22. axb4 Ncd7 23. Qb3 Bf8 24. Ra2 Rxa2 25. Qxa2 Qb6 26. b5 Nc5 27. Be3 Qc7 28. Rb1 Qc8 29. Bg1 Qa8 30. Qe2 Qa3 31. Nd1 Ra8 32. f4 Ned7 33. bxc6 bxc6 34. Nxc6 Nf6 35. e5 Nfe4 36. Qe3 Qa2 37. Rc1 Ra3 38. Qd4 Ng3+ 39. Kh2 Ne2 40. Qb2 Nxc1 41. Qb8 Ra8 42. Qc7 Qd2 43. e6 Qxf4+ 44. Kh1 Nxe6 45. Qd7 Ne2 46. Bb6 Ra1 0-1

[Event "Wch Rapid (Women)"]
[Site "New York"]
[Date "2024.12.28"]
[Round "11"]
[White "Huang, Qian"]
[Black "Mammadova, Gulnar Marfat Qizi"]
[Result "1-0"]
[WhiteElo "2399"]
[BlackElo "2289"]
[PlyCount "103"]
[EventDate "2024.12.26"]
[EventType "swiss (rapid)"]
[EventRounds "11"]
[EventCountry "USA"]
[SourceTitle "CB01_2025"]
[SourceDate "2025.01.01"]
[SourceVersion "1"]
[SourceVersionDate "2025.01.01"]
[SourceQuality "1"]

1. c4 Nf6 2. Nc3 e5 3. g3 Bb4 4. Bg2 0-0 5. Nf3 e4 6. Nd4 Re8 7. 0-0 Nc6 8. Nc2 Bxc3 9. dxc3 h6 10. Ne3 d6 11. b3 Be6 12. Nd5 Bf5 13. Bf4 Ne5 14. Qd4 Nxd5 15. cxd5 Ng6 16. Be3 Qd7 17. Rfe1 Re5 18. c4 b6 19. Qc3 f6 20. Bd4 Re7 21. b4 Bh3 22. Bh1 f5 23. f4 exf3 24. exf3 Rae8 25. Kf2 f4 26. Rxe7 Qxe7 27. Re1 Ne5 28. Bxe5 dxe5 29. Bg2 Bf5 30. a3 a5 31. c5 axb4 32. axb4 bxc5 33. bxc5 Qf6 34. Kg1 Bg6 35. Rd1 Rd8 36. gxf4 exf4 37. Qxf6 gxf6 38. Bh3 f5 39. Bf1 Bf7 40. d6 cxd6 41. c6 Be8 42. c7 Rc8 43. Rc1 Bd7 44. Ba6 Ra8 45. c8Q+ Bxc8 46. Rxc8+ Rxc8 47. Bxc8 Kf7 48. Bxf5 Kf6 49. Bd3 Ke5 50. Kf2 Kd4 51. Ke2 d5 52. Kd2 1-0

[Event "Wch Rapid (Women)"]
[Site "New York"]
[Date "2024.12.27"]
[Round "5"]
[White "Huang, Qian"]
[Black "Toncheva, Nadya"]
[Result "1-0"]
[WhiteElo "2399"]
[BlackElo "2283"]
[PlyCount "99"]
[EventDate "2024.12.26"]
[EventType "swiss (rapid)"]
[EventRounds "11"]
[EventCountry "USA"]
[SourceTitle "CB01_2025"]
[SourceDate "2025.01.01"]
[SourceVersion "1"]
[SourceVersionDate "2025.01.01"]
[SourceQuality "1"]

1. c4 c5 2. Nf3 g6 3. g3 Bg7 4. Bg2 Nc6 5. Nc3 e6 6. 0-0 Nge7 7. d3 0-0 8. Bd2 d5 9. cxd5 exd5 10. Rc1 h6 11. a3 Bg4 12. h3 Be6 13. Kh2 Qd7 14. Na4 b6 15. b4 cxb4 16. axb4 Rac8 17. b5 Nd8 18. Rxc8 Nxc8 19. Qb3 Nd6 20. Rb1 Re8 21. Qb4 Bf5 22. Nd4 Ne6 23. Nxf5 Nxf5 24. Nc3 Nc7 25. Bf4 Bxc3 26. Qxc3 Nxb5 27. Qf6 Re6 28. Qb2 a6 29. e4 dxe4 30. dxe4 Ne7 31. Bxh6 Qd4 32. Be3 Qxb2 33. Rxb2 Nc8 34. Rc2 Nca7 35. f4 a5 36. e5 Na3 37. Rc1 a4 38. Bd5 Re7 39. Bxb6 N7b5 40. Rc8+ Kh7 41. Bd8 Re8 42. Bxf7 Rf8 43. Be6 Nc2 44. Rb8 Ncd4 45. Rb7+ Kh8 46. Bf6+ Rxf6 47. exf6 a3 48. Rb8+ Kh7 49. Bg8+ Kh6 50. Bc4 1-0

[Event "Shenzhen (Women)"]
[Site "Shenzhen"]
[Date "2024.11.21"]
[Round "1.2"]
[White "Huang, Qian"]
[Black "Yan, Tianqi"]
[Result "1/2-1/2"]
[WhiteElo "2370"]
[BlackElo "2344"]
[PlyCount "58"]
[EventDate "2024.11.21"]
[EventType "k.o."]
[EventRounds "4"]
[EventCountry "CHN"]
[SourceTitle "CB49_2024"]
[SourceDate "2024.12.04"]
[SourceVersion "1"]
[SourceVersionDate "2024.12.04"]
[SourceQuality "1"]

1. d4 Nf6 2. Bg5 d5 3. Nd2 Bf5 4. e3 Nbd7 5. Ngf3 e6 6. Bd3 Bxd3 7. cxd3 Be7 8. 0-0 0-0 9. Rc1 b6 10. Ne5 Nxe5 11. dxe5 Nd7 12. Bxe7 Qxe7 13. Rxc7 Qd8 14. Rc3 Nxe5 15. d4 Ng6 16. Qe2 e5 17. dxe5 Nxe5 18. Nf3 Nxf3+ 19. Qxf3 Qd6 20. Rd3 Rad8 21. Rfd1 Qb4 22. b3 Qa3 23. Qe2 h6 24. h3 a5 25. Rxd5 Rxd5 26. Rxd5 a4 27. bxa4 Qxa4 28. Rb5 Ra8 29. Rxb6 Qxa2 1/2-1/2

[Event "CHN-chT Div-A"]
[Site "Fuling"]
[Date "2024.07.07"]
[Round "10.4"]
[White "Huang, Qian"]
[Black "Wang, Qinxuanyi"]
[Result "1/2-1/2"]
[WhiteElo "2396"]
[BlackElo "2149"]
[PlyCount "93"]
[EventDate "2024.06.26"]
[EventType "team-swiss"]
[EventRounds "11"]
[EventCountry "CHN"]
[SourceTitle "CBM 221 Extra"]
[Source "ChessBase"]
[SourceDate "2024.09.30"]
[SourceVersion "1"]
[SourceVersionDate "2024.09.30"]
[SourceQuality "1"]
[WhiteTeam "Chongqing Ticai"]
[BlackTeam "Guangdong"]
[WhiteTeamCountry "CHN"]
[BlackTeamCountry "CHN"]

1. d4 d5 2. Nf3 Nf6 3. Bf4 Bf5 4. e3 e6 5. c4 Bxb1 6. Rxb1 Bb4+ 7. Ke2 Bd6 8. Bxd6 cxd6 9. cxd5 Nxd5 10. Qb3 Qe7 11. g3 0-0 12. Bg2 Nc6 13. Rhc1 Nb6 14. Qa3 Rac8 15. Ne1 d5 16. Qxe7 Nxe7 17. b3 Rxc1 18. Rxc1 Rc8 19. Rb1 Nf5 20. Kd2 Kf8 21. Nd3 Nd7 22. a4 Ke7 23. g4 Nd6 24. f3 b6 25. Bf1 f6 26. Be2 a5 27. h4 e5 28. Rg1 h6 29. h5 Nf7 30. Nf2 Kd6 31. Nh1 Ke7 32. Ng3 Nd6 33. Nf5+ Nxf5 34. gxf5 Kf7 35. Bb5 Nf8 36. e4 Nh7 37. Bd7 Rc7 38. Be6+ Ke8 39. exd5 Ng5 40. Kd3 Ke7 41. Rf1 Kd6 42. dxe5+ fxe5 43. Kd2 Nh3 44. Rb1 Ng5 45. Rf1 Nh3 46. Rb1 Ng5 47. Rf1 1/2-1/2

[Event "CHN-chT Div-A"]
[Site "Fuling"]
[Date "2024.07.03"]
[Round "7.4"]
[White "Sun, Fanghui"]
[Black "Huang, Qian"]
[Result "1-0"]
[WhiteElo "2115"]
[BlackElo "2396"]
[PlyCount "56"]
[EventDate "2024.06.26"]
[EventType "team-swiss"]
[EventRounds "11"]
[EventCountry "CHN"]
[SourceTitle "CBM 221 Extra"]
[Source "ChessBase"]
[SourceDate "2024.09.30"]
[SourceVersion "1"]
[SourceVersionDate "2024.09.30"]
[SourceQuality "1"]
[WhiteTeam "Chongqing Jiulongpo"]
[BlackTeam "Chongqing Ticai"]
[WhiteTeamCountry "CHN"]
[BlackTeamCountry "CHN"]

1. e4 g6 2. d4 Bg7 3. Nc3 d6 4. Nf3 Nf6 5. h3 0-0 6. Be2 a6 7. 0-0 b5 8. e5 Nfd7 9. Bf4 Bb7 10. Qd2 c5 11. exd6 cxd4 12. dxe7 Qxe7 13. Nd1 Nc6 14. Re1 Qd8 15. c3 Nb6 16. Rc1 Rc8 17. Bh6 dxc3 18. Nxc3 Qxd2 19. Bxd2 b4 20. Ne4 Nd4 21. Nxd4 Bxe4 22. Rxc8 Nxc8 23. Bxa6 Bxd4 24. Rxe4 Bxb2 25. Rxb4 Be5 26. Re4 f6 27. Bb4 Rd8 28. f4 Bd4+ 1-0

[Event "CHN-chT Div A Finals"]
[Site "Nanjing"]
[Date "2023.12.04"]
[Round "3.5"]
[White "Huang, Qian"]
[Black "Zhai, Mo"]
[Result "1/2-1/2"]
[WhiteElo "2410"]
[BlackElo "2339"]
[PlyCount "49"]
[EventDate "2023.12.02"]
[EventType "team-tourn"]
[EventRounds "10"]
[EventCountry "CHN"]
[SourceTitle "CBM 217 Extra"]
[Source "ChessBase"]
[SourceDate "2024.01.31"]
[SourceVersion "1"]
[SourceVersionDate "2024.01.31"]
[SourceQuality "1"]
[WhiteTeam "Chongqing Sports Lottery"]
[BlackTeam "Hangzhou Bank"]
[WhiteTeamCountry "CHN"]
[BlackTeamCountry "CHN"]

1. c4 Nf6 2. Nc3 e5 3. Nf3 Nc6 4. g3 Nd4 5. Bg2 Nxf3+ 6. Bxf3 Bc5 7. e3 0-0 8. 0-0 c6 9. d4 exd4 10. exd4 Bb4 11. Qb3 Bxc3 12. bxc3 d6 13. Re1 h6 14. Bf4 d5 15. cxd5 Nxd5 16. Be5 b5 17. c4 bxc4 18. Qxc4 Bd7 19. a4 a5 20. h4 Re8 21. Qc5 Nb4 22. Qc3 Nd5 23. Qc5 Nb4 24. Qc3 Nd5 25. Qc5 1/2-1/2

[Event "Biel HTO 56th"]
[Site "Biel"]
[Date "2023.07.18"]
[Round "2"]
[White "Nguyen, Ngoc Truong Son"]
[Black "Huang, Qian"]
[Result "1/2-1/2"]
[WhiteElo "2645"]
[BlackElo "2422"]
[PlyCount "29"]
[EventDate "2023.07.17"]
[EventType "swiss"]
[EventRounds "10"]
[EventCountry "SUI"]
[SourceTitle "CBM 215 Extra"]
[Source "ChessBase"]
[SourceDate "2023.09.30"]
[SourceVersion "1"]
[SourceVersionDate "2023.09.30"]
[SourceQuality "1"]

1. e4 c5 2. Nf3 Nc6 3. Bb5 e6 4. Bxc6 bxc6 5. 0-0 Ne7 6. Re1 Qc7 7. d3 Ng6 8. c3 Be7 9. d4 0-0 10. Be3 f5 11. exf5 Rxf5 12. dxc5 Bxc5 13. Bxc5 Rxc5 14. Nbd2 Bb7 15. b4 1/2-1/2

[Event "CHN-chT DivA"]
[Site "Fuling"]
[Date "2023.06.06"]
[Round "2.5"]
[White "Yan, Tianqi"]
[Black "Huang, Qian"]
[Result "1/2-1/2"]
[WhiteElo "2246"]
[BlackElo "2431"]
[PlyCount "55"]
[EventDate "2023.06.05"]
[EventType "team-tourn"]
[EventRounds "11"]
[EventCountry "CHN"]
[SourceTitle "CBM 214 Extra"]
[Source "ChessBase"]
[SourceDate "2023.07.31"]
[SourceVersion "1"]
[SourceVersionDate "2023.07.31"]
[SourceQuality "1"]
[WhiteTeam "Hangzhou Bank"]
[BlackTeam "Chongqing Sports Lottery"]
[WhiteTeamCountry "CHN"]
[BlackTeamCountry "CHN"]

1. e4 c5 2. Nf3 a6 3. c4 Nc6 4. d4 cxd4 5. Nxd4 e5 6. Nc2 Bc5 7. Bd3 d6 8. 0-0 Nf6 9. Nc3 Be6 10. Be3 Bxe3 11. Nxe3 0-0 12. Rc1 Rc8 13. b3 Nd4 14. Ne2 Nc6 15. Qd2 Bg4 16. Nc3 Nd4 17. Nc2 Nxc2 18. Rxc2 Qb6 19. Be2 Be6 20. Qd3 Rfd8 21. h3 Qc5 22. Rfc1 Qa5 23. Qe3 h6 24. Bf1 Kf8 25. Be2 Kg8 26. Bf1 Kf8 27. Be2 Kg8 28. Bf1 1/2-1/2

[Event "Shenzhen op (Women)"]
[Site "Shenzhen"]
[Date "2023.03.31"]
[Round "2.1"]
[White "Zhao, Shengxin"]
[Black "Huang, Qian"]
[Result "1-0"]
[WhiteElo "2151"]
[BlackElo "2431"]
[PlyCount "81"]
[EventDate "2023.03.30"]
[EventType "k.o. (rapid)"]
[EventRounds "4"]
[EventCountry "CHN"]
[SourceTitle "CBM 213 Extra"]
[Source "ChessBase"]
[SourceDate "2023.05.31"]
[SourceVersion "1"]
[SourceVersionDate "2023.05.31"]
[SourceQuality "1"]

1. d4 d5 2. c4 c6 3. Nf3 Nf6 4. Qc2 g6 5. g3 Bg7 6. Bg2 0-0 7. 0-0 dxc4 8. Qxc4 Be6 9. Qb4 b5 10. Rd1 Nbd7 11. Ng5 Bd5 12. e4 Bc4 13. Qe1 h6 14. b3 hxg5 15. bxc4 Nh7 16. e5 bxc4 17. Nc3 Nb6 18. Bxc6 Rc8 19. Bg2 Qd7 20. a4 e6 21. a5 Nd5 22. Ne4 Rb8 23. Ba3 Rfc8 24. Bc5 Bf8 25. Bf1 c3 26. Rdc1 Bxc5 27. Nxc5 Qe7 28. Bg2 Rxc5 29. dxc5 Qxc5 30. Bxd5 Qxd5 31. Qxc3 g4 32. Qe3 Rb3 33. Rd1 Qb5 34. Qh6 Qb8 35. a6 Nf8 36. Rac1 Rb5 37. Qf4 Rxe5 38. Qxg4 Nh7 39. Qf4 Kg7 40. Rb1 Qc7 41. Rb7 1-0

[Event "CHN-chT Div A KO"]
[Site "Liaocheng"]
[Date "2023.02.09"]
[Round "4.2"]
[White "Ning, Kaiyu"]
[Black "Huang, Qian"]
[Result "0-1"]
[WhiteElo "2387"]
[BlackElo "2426"]
[PlyCount "138"]
[EventDate "2023.02.06"]
[EventType "team-k.o."]
[EventRounds "6"]
[EventCountry "CHN"]
[SourceTitle "CBM 212 Extra"]
[Source "ChessBase"]
[SourceDate "2023.03.31"]
[SourceVersion "1"]
[SourceVersionDate "2023.03.31"]
[SourceQuality "1"]
[WhiteTeam "Shanghai"]
[BlackTeam "Chongqing Ticai"]
[WhiteTeamCountry "CHN"]
[BlackTeamCountry "CHN"]

1. d4 d5 2. c4 c6 3. e3 Nf6 4. Nc3 g6 5. Nf3 Bg7 6. Be2 0-0 7. 0-0 b6 8. b3 Ne4 9. Qc2 Nxc3 10. Qxc3 Bb7 11. Ba3 c5 12. Rac1 Nc6 13. Rfd1 Rc8 14. Qe1 cxd4 15. exd4 Bf6 16. h3 a6 17. Qd2 Re8 18. Bb2 e6 19. Qf4 Bg7 20. Ne5 Nxe5 21. dxe5 Qe7 22. Bd4 dxc4 23. bxc4 Bc6 24. Rb1 Rb8 25. Bxb6 Qa3 26. c5 Qxa2 27. Bc4 Qa4 28. Rd4 Qc2 29. Rbd1 Qb2 30. Bxa6 Ra8 31. Bd3 Ra1 32. Rxa1 Qxa1+ 33. Kh2 Bh6 34. Qg4 Qb2 35. Kg3 Qc3 36. Kh2 Bg7 37. Qf4 Bh6 38. Qh4 Bg7 39. Rd8 Bxe5+ 40. f4 Bf6 41. Rxe8+ Bxe8 42. Qg3 Bc6 43. Be2 Qc1 44. Qf2 Qc3 45. Qg3 Qc1 46. Qf2 Qc3 47. Qf1 Bd4 48. Qd1 Bf2 49. Qd8+ Kg7 50. Bf3 Qc1 51. Qd1 Qxf4+ 52. Kh1 Bxf3 53. gxf3 Qg3 54. Qf1 Qxf3+ 55. Qg2 Qf4 56. Qf1 Qe4+ 57. Qg2 Qe1+ 58. Kh2 Qe5+ 59. Kh1 Bxc5 60. Bxc5 Qxc5 61. Qb2+ e5 62. Kg2 Qd4 63. Qc2 h5 64. Qe2 h4 65. Qc2 Qe3 66. Qc6 Qg3+ 67. Kf1 Qxh3+ 68. Kg1 Qg4+ 69. Kh2 h3 0-1